000 00494nam a2200169Ia 4500
008 110201s9999 xx 000 0 und d
082 _bB5120
_aS 659
100 _aप्रभावळकर दिलीप
245 _aझुम
260 _bप्रभात प्रकाशन
365 _b90
600 _aप्रभावळकर दिलीप
630 _aझुम
700 _aप्रभावळकर दिलीप
730 _aझुम
942 _cBOOK
999 _c831116
_d831113